El racismo en los discursos de los patrones argentinos sobre inmigrantes laborales bolivianos : estudio de caso en un lugar de trabajo en córdoba, argentina /

Guardado en:
Autor Principal: Pizarro, Cynthia Alejandra
Formato: Libro
Publicado: México : Universidad Autónoma del Estado de México, 2012
Materias:
Etiquetas: Agregar Etiqueta
Sin Etiquetas, Sea el primero en etiquetar este registro!
LEADER 00852nam a22002055a 4500
001 CEM.cems014041
008 130507s2012##################000#0#####d
005 20210705174704.0
003 CEMS
245 1 0 |a El racismo en los discursos de los patrones argentinos sobre inmigrantes laborales bolivianos :  |b estudio de caso en un lugar de trabajo en córdoba, argentina /  |c Cynthia Alejandra Pizarro 
260 |a México :  |b Universidad Autónoma del Estado de México,  |c 2012 
300 |a 33 p. 
500 |a Artículo publicado en Convergencia. Revista de Ciencias Sociales, vol. 19, núm. 60, septiembre-diciembre, 2012, pp. 255-285. 
590 |a 1140.013 
100 1 |a Pizarro, Cynthia Alejandra 
653 |a Discriminación 
653 |a Derechos humanos 
653 |a Racismo 
653 |a Biblioteca TC 
859 |a CEMS  |b BIB. CEMS - 11 de abril  |h TC  |p 1140.013  |t Ej.1